<?xml version="1.0" encoding="UTF-8"?><?xml-stylesheet type="text/xsl" href="static/style.xsl"?><OAI-PMH xmlns="http://www.openarchives.org/OAI/2.0/" xmlns:xsi="http://www.w3.org/2001/XMLSchema-instance" xsi:schemaLocation="http://www.openarchives.org/OAI/2.0/ http://www.openarchives.org/OAI/2.0/OAI-PMH.xsd"><responseDate>2026-04-17T02:59:39Z</responseDate><request verb="GetRecord" identifier="oai:www.recercat.cat:11351/6058" metadataPrefix="marc">https://recercat.cat/oai/request</request><GetRecord><record><header><identifier>oai:recercat.cat:11351/6058</identifier><datestamp>2025-10-24T10:32:27Z</datestamp><setSpec>com_2072_378070</setSpec><setSpec>com_2072_378040</setSpec><setSpec>col_2072_378092</setSpec></header><metadata><record xmlns="http://www.loc.gov/MARC21/slim" xmlns:dcterms="http://purl.org/dc/terms/" xmlns:xsi="http://www.w3.org/2001/XMLSchema-instance" xmlns:doc="http://www.lyncode.com/xoai" xsi:schemaLocation="http://www.loc.gov/MARC21/slim http://www.loc.gov/standards/marcxml/schema/MARC21slim.xsd">
   <leader>00925njm 22002777a 4500</leader>
   <datafield ind2=" " ind1=" " tag="042">
      <subfield code="a">dc</subfield>
   </datafield>
   <datafield ind2=" " ind1=" " tag="720">
      <subfield code="a">Suy Franch, Anna</subfield>
      <subfield code="e">author</subfield>
   </datafield>
   <datafield ind2=" " ind1=" " tag="720">
      <subfield code="a">Garcia Ruiz, Itziar</subfield>
      <subfield code="e">author</subfield>
   </datafield>
   <datafield ind2=" " ind1=" " tag="720">
      <subfield code="a">Carbonell Socias, Melchor</subfield>
      <subfield code="e">author</subfield>
   </datafield>
   <datafield ind2=" " ind1=" " tag="720">
      <subfield code="a">García Manau, Pablo</subfield>
      <subfield code="e">author</subfield>
   </datafield>
   <datafield ind2=" " ind1=" " tag="720">
      <subfield code="a">Rodó Rodríguez, Carlota</subfield>
      <subfield code="e">author</subfield>
   </datafield>
   <datafield ind2=" " ind1=" " tag="720">
      <subfield code="a">Maiz Elizaran, Nerea</subfield>
      <subfield code="e">author</subfield>
   </datafield>
   <datafield ind2=" " ind1=" " tag="720">
      <subfield code="a">Sulleiro Igual, Elena</subfield>
      <subfield code="e">author</subfield>
   </datafield>
   <datafield ind2=" " ind1=" " tag="720">
      <subfield code="a">Esperalba Esquerra, Juliana</subfield>
      <subfield code="e">author</subfield>
   </datafield>
   <datafield ind2=" " ind1=" " tag="720">
      <subfield code="a">Fernández Hidalgo, Nuria</subfield>
      <subfield code="e">author</subfield>
   </datafield>
   <datafield ind2=" " ind1=" " tag="720">
      <subfield code="a">Frick, Marie Antoinette</subfield>
      <subfield code="e">author</subfield>
   </datafield>
   <datafield ind2=" " ind1=" " tag="720">
      <subfield code="a">Camba Longueira, Fátima</subfield>
      <subfield code="e">author</subfield>
   </datafield>
   <datafield ind2=" " ind1=" " tag="720">
      <subfield code="a">Pumarola Suñé, Tomàs</subfield>
      <subfield code="e">author</subfield>
   </datafield>
   <datafield ind2=" " ind1=" " tag="720">
      <subfield code="a">Carreras Moratonas, Elena</subfield>
      <subfield code="e">author</subfield>
   </datafield>
   <datafield ind2=" " ind1=" " tag="720">
      <subfield code="a">Antón Pagarolas, Andrés</subfield>
      <subfield code="e">author</subfield>
   </datafield>
   <datafield ind2=" " ind1=" " tag="260">
      <subfield code="c">2021-06-11T12:44:52Z</subfield>
   </datafield>
   <datafield ind2=" " ind1=" " tag="260">
      <subfield code="c">2021-06-11T12:44:52Z</subfield>
   </datafield>
   <datafield ind2=" " ind1=" " tag="260">
      <subfield code="c">2021-01-22</subfield>
   </datafield>
   <datafield ind2=" " ind1=" " tag="520">
      <subfield code="a">Coronavirus SARS-CoV-2; COVID-19; 2019-nCoV; Embaràs; Transmissió vertical</subfield>
   </datafield>
   <datafield ind2=" " ind1=" " tag="520">
      <subfield code="a">Coronavirus SARS-CoV-2; COVID-19; 2019-nCoV; Embarazo; Transmisión vertical</subfield>
   </datafield>
   <datafield ind2=" " ind1=" " tag="520">
      <subfield code="a">Coronavirus SARS-CoV-2; COVID-19; 2019-nCoV; Pregnancy; Vertical transmission</subfield>
   </datafield>
   <datafield ind2=" " ind1=" " tag="520">
      <subfield code="a">Background The Coronavirus Disease 2019 (COVID-19) is a novel disease which has been having a worldwide affect since December 2019. Evidence regarding the effects of SARS-CoV-2 during pregnancy is conflicting. The presence of SARS-CoV-2 has been demonstrated in biological samples during pregnancy (placenta, umbilical cord or amniotic fluid); however, maternal and fetal effects of the virus are not well known. Methods Descriptive, multicentre, longitudinal, observational study in eight tertiary care hospitals throughout Spain, that are referral centres for pregnant women with COVID-19. All pregnant women with positive SARS-CoV-2 real-time reverse transcriptase polymerase chain reaction during their pregnancy or 14 days preconception and newborns born to mothers infected with SARS-CoV-2 will be included. They will continue to be followed up until 4 weeks after delivery. The aim of the study is to investigate both the effect of COVID-19 on the pregnancy, and the effect of the pregnancy status with the evolution of the SARS-CoV-2 disease. Other samples (faeces, urine, serum, amniotic fluid, cord and peripheral blood, placenta and breastmilk) will be collected in order to analyse whether or not there is a risk of vertical transmission and to describe the behaviour of the virus in other fluids. Neonates will be followed until 6 months after delivery to establish the rate of neonatal transmission. We aim to include 150 pregnant women and their babies. Ethics approval will be obtained from all the participating centres. Discussion There is little information known about COVID-19 and its unknown effects on pregnancy. This study will collect a large number of samples in pregnant women which will allow us to demonstrate the behaviour of the virus in pregnancy and postpartum in a representative cohort of the Spanish population.</subfield>
   </datafield>
   <datafield ind2=" " ind1=" " tag="520">
      <subfield code="a">The study has been awarded with a Spanish Government grant (Instituto de Salud Carlos III: COV20/00188). It covers the expenses for transporting, processing and analyzing samples, database creation and maintenance, and hiring support staff.</subfield>
   </datafield>
   <datafield ind1="8" ind2=" " tag="024">
      <subfield code="a">http://hdl.handle.net/11351/6058</subfield>
   </datafield>
   <datafield tag="653" ind2=" " ind1=" ">
      <subfield code="a">COVID-19 (Malaltia) - Transmissió</subfield>
   </datafield>
   <datafield tag="653" ind2=" " ind1=" ">
      <subfield code="a">Embaràs</subfield>
   </datafield>
   <datafield tag="653" ind2=" " ind1=" ">
      <subfield code="a">HEALTH CARE::Environment and Public Health::Public Health::Disease Transmission, Infectious::Infectious Disease Transmission, Vertical</subfield>
   </datafield>
   <datafield tag="653" ind2=" " ind1=" ">
      <subfield code="a">DISEASES::Virus Diseases::RNA Virus Infections::Nidovirales Infections::Coronaviridae Infections::Coronavirus Infections</subfield>
   </datafield>
   <datafield tag="653" ind2=" " ind1=" ">
      <subfield code="a">PHENOMENA AND PROCESSES::Reproductive and Urinary Physiological Phenomena::Reproductive Physiological Phenomena::Reproduction::Pregnancy</subfield>
   </datafield>
   <datafield tag="653" ind2=" " ind1=" ">
      <subfield code="a">ATENCIÓN DE SALUD::ambiente y salud pública::salud pública::transmisión de una enfermedad infecciosa::transmisión vertical de enfermedades infecciosas</subfield>
   </datafield>
   <datafield tag="653" ind2=" " ind1=" ">
      <subfield code="a">ENFERMEDADES::virosis::infecciones por virus ARN::infecciones por Nidovirales::infecciones por Coronaviridae::infecciones por Coronavirus</subfield>
   </datafield>
   <datafield tag="653" ind2=" " ind1=" ">
      <subfield code="a">FENÓMENOS Y PROCESOS::fenómenos fisiológicos reproductivos y urinarios::fenómenos fisiológicos de la reproducción::reproducción::embarazo</subfield>
   </datafield>
   <datafield ind2="0" ind1="0" tag="245">
      <subfield code="a">Gestation and COVID-19: clinical and microbiological observational study (Gesta-COVID19)</subfield>
   </datafield>
</record></metadata></record></GetRecord></OAI-PMH>